00538nam a2200157 a 450000100060000000300090000600800410001502000180005604000280007408200190010210000270012124501130014826000880026130000170034965000140036625354CO-ViMGA141112s2004 ck r 000 u spa d a9789588427416 aCO-ViMGAbspacCO-ViMGA04a610. 9861 H4771 aGuerro Barón, Javier10aHistoria Social y Cultural de la Salud y la Medicina en Colombia, Siglo XVI - XX / cJavier Guerrero Barón aColombia : bUniversidad Pedagogica y Tecnológica de Colombia La Carreta Editores a309 p. 22 cm14aEpidemias